000 00363nam a2200145Ia 4500
008 130318s9999 xx 000 0 und d
020 _a8175543027
082 _a658.31125 PAR/H
100 _aParkinson, Mark
245 _aHow to master psychometric tests
250 _a3
260 _bKogan Page
_aNew Delhi
_c2007
300 _a181
650 _aPSYCHOMETRIC TEST
999 _c1327
_d1327